000 00846nam a22002897a 4500
001 BR8006190
003 BR-BrBNA
005 20230928090758.0
007 ta
008 230509b bl.||||| |||| 00| 0 por d
040 _aBR-BrBNA
_bpor
_cBiblioteca Nacional de Agricultura
041 _a(Por)
072 _aF00; E70
_b0150
_b/G514
090 _ 0150 BR8006190
110 1 _aSecretaria da Agricultura do Maranhao, Sao Luis (Brasil)
_98255
245 1 _aAspectos gerais da cultura do arroz no Maranhao [Oryza sativa, comercializacao, Brasil]
260 3 _aSao Luis, MA (Brasil):
_c1980.
300 _a39 p.
500 _a15 tables; 4 graphs
650 _aPRODUCAO VEGETAL
650 _aCOMERCIALIZACAO
650 _aARROZ
650 _aPRATICA CULTURAL
650 _aMARANHAO
909 _a202309
_bLucia
_c55
_dLucia Elande
942 _cBK
999 _c30488
_d30488